Văn hóa ẩm thực Vĩnh Phúc
Gespeichert in:
| 1. Verfasser: | |
|---|---|
| Format: | Unbekannt |
| Veröffentlicht: |
2011
|
| Tags: |
Tag hinzufügen
Keine Tags, Fügen Sie den ersten Tag hinzu!
|
| Thư viện lưu trữ: | Mạng thư viện Đại học Đà Nẵng |
|---|
| LEADER | 00713na a2200217 4500 | ||
|---|---|---|---|
| 001 | 000032931 | ||
| 003 | 9056 | ||
| 005 | 20151002110611.0 | ||
| 008 | 151002s2011 000 | ||
| 082 | |a 398.9 | ||
| 100 | |a Nguyễn Xuân Lân | ||
| 245 | |a Văn hóa ẩm thực Vĩnh Phúc |c Nguyễn Xuân Lân | ||
| 260 | |c 2011 | ||
| OWN | |a LNN | ||
| AVA | |a UDN50 |b LNN |d 398.9 |e available |t Error 5001 Not defined in file expand_doc_bib_avail. |f 1 |g 0 |h N |i 0 |k 1 | ||
| 999 | |a From the UDN01 | ||
| AVA | |a UDN50 |b LNN |d 398.9 |e available |t Error 5001 Not defined in file expand_doc_bib_avail. |f 1 |g 0 |h N |i 0 |k 1 | ||
| TYP | |a Printed language | ||
| 980 | |a Mạng thư viện Đại học Đà Nẵng | ||